000 00730nam a22002171 4500
001 sa 68005995
003 DLC
005 20260227112513.0
008 711028s1936 ii c 100 0 eng
010 _asa 68005995
040 _aDLC
_cDLC
_dDLC
043 _aa-ii---
050 0 0 _aHD9116.I4
_bA7 1936
111 2 _aAll India Merchants' Conference.
_b1st,
_cKanpur,
_d1936.
245 0 2 _aA report of the first All India Sugar Merchants' Conference, Cawnpore, held on the 30th November and the 1st December, 1936.
_cEdited by Shri Narain.
260 _a[Cawnpore]
_bM. H. Parikh,
_c1936.
300 _a36 p.
_bports.
_c25 cm.
500 _aCover title.
650 0 _aSugar trade
_zIndia
_xCongresses.
700 0 _aShri Narain,
_eed.
999 _c81048
_d81048